Chotbah dibukit (Record no. 85132)
[ view plain ]
| 000 -LEADER | |
|---|---|
| fixed length control field | 00516cam a22002051 4500 |
| 001 - CONTROL NUMBER | |
| control field | sa 68013477 |
| 003 - CONTROL NUMBER IDENTIFIER | |
| control field | DLC |
| 005 - DATE AND TIME OF LATEST TRANSACTION | |
| control field | 20260227112622.0 |
| 008 - FIXED-LENGTH DATA ELEMENTS--GENERAL INFORMATION | |
| fixed length control field | 890515s1968 io 000 0 dut |
| 010 ## - LIBRARY OF CONGRESS CONTROL NUMBER | |
| LC control number | sa 68013477 |
| 035 ## - SYSTEM CONTROL NUMBER | |
| System control number | (OCoLC)23398421 |
| 040 ## - CATALOGING SOURCE | |
| Original cataloging agency | DLC |
| Transcribing agency | MiU |
| Modifying agency | DLC |
| 042 ## - AUTHENTICATION CODE | |
| Authentication code | premarc |
| 050 00 - LIBRARY OF CONGRESS CALL NUMBER | |
| Classification number | BT380.2 |
| Item number | .V47 |
| 100 1# - MAIN ENTRY--PERSONAL NAME | |
| Personal name | Verkuyl, Johannes. |
| 245 10 - TITLE STATEMENT | |
| Title | Chotbah dibukit |
| 260 ## - PUBLICATION, DISTRIBUTION, ETC. | |
| Place of publication, distribution, etc. | Djakarta, |
| Name of publisher, distributor, etc. | Badan Penerbit Kristen |
| Date of publication, distribution, etc. | [1968] |
| 300 ## - PHYSICAL DESCRIPTION | |
| Extent | 147 p. |
| Dimensions | 21 cm. |
| 630 00 - SUBJECT ADDED ENTRY--UNIFORM TITLE | |
| Uniform title | Sermon on the mount. |
No items available.